Výučba podnikania pomocou simulácií
Tradičné metódy vzdelávania vezrus simulácie a simulačné hry. Kolobova teória skúsenostného učenia v oblasti manažérskeho vzdelávania. Manažérske simulačné hry ako nástroj na rozvoj ľudského a celkového intelektuálneho kapitálu študentov alebo manažérov.
Salvato in:
| Autore principale: | |
|---|---|
| Natura: | Capitolo di libro |
| Lingua: | slovacco |
| Soggetti: | |
| Tags: |
Nessun Tag, puoi essere il primo ad aggiungerne!!
|
MARC
| LEADER | 00000nla a2200000 4500 | ||
|---|---|---|---|
| 001 | 0239499 | ||
| 005 | 20240502073900.4 | ||
| 041 | 0 | |a slo | |
| 044 | |a SK | ||
| 245 | 1 | 0 | |a Výučba podnikania pomocou simulácií |c Ivan Hlavatý |
| 520 | |a Tradičné metódy vzdelávania vezrus simulácie a simulačné hry. Kolobova teória skúsenostného učenia v oblasti manažérskeho vzdelávania. Manažérske simulačné hry ako nástroj na rozvoj ľudského a celkového intelektuálneho kapitálu študentov alebo manažérov. | ||
| 610 | 2 | 0 | |a vzdelávanie |
| 610 | 2 | 0 | |a pedagogika |
| 610 | 2 | 0 | |a vyučovanie |
| 610 | 2 | 0 | |a podnikanie |
| 610 | 2 | 0 | |a simulácia |
| 610 | 2 | 0 | |a hry simulačné manažérske |
| 610 | 2 | 0 | |a hry |
| 610 | 2 | 0 | |a študenti |
| 610 | 2 | 0 | |a manažéri |
| 610 | 2 | 0 | |a zručnosti |
| 610 | 2 | 0 | |a vedomosti |
| 610 | 2 | 0 | |a kompetencie |
| 610 | 2 | 0 | |a kapitál ľudský |
| 610 | 2 | 0 | |a kapitál intelektuálny |
| 100 | 1 | |a Hlavatý, Ivan, 1978- | |